Each NBA Team's Best All-Time Player - Statistics

General Stats
  • This quiz has been taken 56 times
    19 since last reset
  • The average score is 23 of 30
Answer Stats
Team Player % Correct
Boston Celtics Larry Bird
100%
Cleveland Cavaliers LeBron James
100%
Las Angeles Lakers LeBron James
100%
Miami Heat LeBron James
100%
Chicago Bulls Michael Jordan
100%
Houston Rockets Hakeem Olajuwon
95%
Denver Nuggets Nikola Jokic
95%
Golden State Warriors Stephen Curry
95%
Dallas Mavericks Dirk Nowitzki
89%
Detroit Pistons Isaiah Thomas
89%
Minnesota Timberwolves Kevin Garnett
89%
Indiana Pacers Reggie Miller
84%
San Antonio Spurs Tim Duncan
84%
Oklahoma City Thunder Kevin Durant
79%
New York Knicks Patrick Ewing
79%
Orlando Magic Shaquille O'Neal
79%
Las Angeles Clippers Chris Paul
74%
Atlanta Hawks Dominique Wilkins
74%
Utah Jazz John Stockton
74%
Memphis Grizzlies Marc Gasol
74%
New Orleans Pelicans Anthony Davis
68%
Phoenix Suns Charles Barkley
68%
Brooklyn Nets Jason Kidd
68%
Toronto Raptors Kawhi Leonard
68%
Charlotte Hornets Kemba Walker
68%
Portland Trail Blazers Clyde Drexler
58%
Philadelphia 76ers Joel Embiid
58%
Washington Wizards Wes Unseld
58%
Sacramento Kings Chris Webber
47%
Milwaukee Bucks Kareem Abdul-Jabar
5%
No matching quizzes found
Score Distribution
Percent of People with Each Score
Percentile by Number Answered
Your Score History
You have not taken this quiz since the last reset